000 00609nam a2200229Ia 4500
003 OSt
005 20220924153158.0
006 a|||||r|||| 00| 0
007 ta
008 220923b |||||||| |||| 00| 0 guj d
024 _a347097
037 _cTextual
040 _aARTS
_cARTS
_bguj
041 _2guj
_aguj
082 _aO157,3N04,1, 156K4.1-.2
100 _aJarasangha
_9228231
245 0 _aUjara pada chhaya kali bhoy
260 _c1964
650 _aBENGALI LITERATURE
942 _hO157,3N04,1, 156K4.1-.2
_cTEXL
_2CC
999 _c472594
_d472594